| 000 | 00346nam a2200133Ia 4500 | ||
|---|---|---|---|
| 008 | 150202s9999 xx 000 0 und d | ||
| 020 | _a733526691 | ||
| 050 |
_aFIC _bFIC |
||
| 100 | _aHohl, Joan | ||
| 245 |
_aDesire / _cJoan Hohl. |
||
| 260 |
_aAustralia : _bHarlequin Mills Boon, _c2000. |
||
| 300 |
_a182 pages : _c18 cm. |
||
| 650 | _aFiction. | ||
| 999 |
_c282099 _d282099 |
||